Notes on Shakespeares Twelefth Night (Record no. 53898)

MARC details
000 -LEADER
fixed length control field 00387nam a2200133Ia 4500
008 - FIXED-LENGTH DATA ELEMENTS--GENERAL INFORMATION
fixed length control field 211109s9999||||xx |||||||||||||| ||und||
082 ## - DEWEY DECIMAL CLASSIFICATION NUMBER
Classification number 822.3309
Item number COL-N
100 ## - MAIN ENTRY--PERSONAL NAME
Personal name College Careers,
245 #0 - TITLE STATEMENT
Title Notes on Shakespeares Twelefth Night
260 ## - PUBLICATION, DISTRIBUTION, ETC.
Name of publisher, distributor, etc. B I Publication
Place of publication, distribution, etc. New Delhi
Date of publication, distribution, etc. 2006
630 ## - SUBJECT ADDED ENTRY--UNIFORM TITLE
General subdivision General Stack
650 ## - SUBJECT ADDED ENTRY--TOPICAL TERM
Topical term or geographic name entry element English literatures
942 ## - ADDED ENTRY ELEMENTS (KOHA)
Koha item type BOOK
650 ## - SUBJECT ADDED ENTRY--TOPICAL TERM
Form subdivision English dramaGeneralia
Holdings
Withdrawn status Lost status Damaged status Not for loan Home library Current library Date acquired Cost, normal purchase price Total Checkouts Full call number Barcode Shelving location Date last seen Price effective from Koha item type
        SB LIBRARY SB LIBRARY 09/11/2021 10.00   822.3309 COL-N 00096236 GENERAL STACK 09/11/2021 09/11/2021 BOOK

Powered by Koha